Geography starting with D - Statistics

General Stats
  • This quiz has been taken 31 times
  • The average score is 5 of 10
Answer Stats
Letters Clue Answer % Correct
7 Scandinavian country Denmark
100%
5 Capital of Bangladesh Dhaka
81%
4 Middle East capital Doha
74%
10 Capital of North Rhine Westphalia Dusseldorf
61%
6 Capital of Northern Territory Darwin
58%
8 Capital of former Soviet nation Dushanbe
52%
11 Tanzanias most populated city Dar es Salaam
48%
9 Element 110 is named after this German city Darmstadt
13%
13 Main Island of Deserta Island archipelago of Madeira Portugal Deserta Grande
3%
12 River in Maine meaning river of many fishes Damariscotta
0%
No matching quizzes found
Score Distribution
Percent of People with Each Score
Percentile by Number Answered
Your Score History
You have not taken this quiz